| 000 | 00411pam a2200157 a 4500 | ||
|---|---|---|---|
| 020 | _a0075571013 | ||
| 040 | _cDLC | ||
| 082 | 0 | 0 | _a511 HIL 1993 A063 Or. |
| 100 | 1 | _aChartrand, Gary. | |
| 245 | 1 | 0 | _aApplied and algorithmic graph theory / |
| 260 |
_aNew York : _bMcGraw-Hill, _cc1993. |
||
| 300 |
_axvii, 395 p. : _bill. ; _c25 cm. |
||
| 650 | 0 | _aGraph theory. | |
| 700 | 1 | _aOellermann, Ortrud R. | |
| 942 | _cEK | ||
| 999 |
_c15252 _d15252 |
||